|
|
|
|
| LEADER |
00000nam a2200000 4500 |
| 008 |
160302b2005 cr a|||| |||| 00| | spa d |
| 999 |
|
|
|c 3092
|d 3092
|
| 020 |
|
|
|a 9977678898
|
| 090 |
|
|
|a 18.01.01
|b 2175
|
| 100 |
|
|
|9 1492
|a Thouin, Marcel
|
| 245 |
1 |
0 |
|a Problemas de ciencias y tecnología para docentes de enseñanza preescolar y primaria /
|c Marcel Thouin, Olga Emilia Brenes, Giselle Yong
|
| 260 |
|
|
|a San José, Costa Rica :
|b Editorial Universidad de Costa Rica,
|c 2005
|
| 300 |
|
|
|a xiv, 299 páginas;
|b ilustraciones
|
| 650 |
|
0 |
|9 37
|a CIENCIA Y TECNOLOGÍA
|
| 650 |
|
0 |
|9 367
|a EDUCACIÓN PRIMARIA
|
| 650 |
|
0 |
|9 455
|a EDUCACIÓN PREESCOLAR
|
| 650 |
|
0 |
|9 14
|a ENSEÑANZA
|
| 700 |
1 |
|
|9 1494
|a Yong, Giselle
|
| 700 |
1 |
|
|a Brenes Chacón, Olga Emilia
|9 2614
|
| 942 |
|
|
|i 003828
|h 18.01.01 2175
|2 z
|c 01
|